01205cam a22002531 4500001001300000003000400013005001700017008004100034010001700075035001900092040005500111042001200166050002800178082001400206100003700220245017300257260004800430300002200478490013100500500015400631650003500785700005400820830007700874s 47000001 DLC20260227111912.0770406s1947 dcu b f001 0 eng c as 47000001  a(OCoLC)2866272 aSmithsonian Institution. LibrarycScCCdOCoLCdDLC apremarc00aQK1b.U5 vol. 30, pt. 1 a016.581991 aMerrill, Elmer Drew,d1876-1956.12aA botanical bibliography of the islands of the Pacific.bA subject index to Elmer D. Merrill's "A botanical bibliography of the islands of the Pacific"cby E.H. Walker. aWashington,bU.S. Govt. Print. Off.,c1947. av, 404 p.c25 cm.1 aSmithsonian Institution. United States National Museum. Contributions from the United States National Herbarium,vv. 30, pt. 1 a"The first [paper] ... is a revision of two papers published in 1924 and 1937 by the Bernice P. Bishop Museum, with the addition of numerous titles." 0aBotanyzOceaniavBibliography.1 aWalker, Egbert H.q(Egbert Hamilton),d1899-1991. 0aContributions from the United States National Herbarium ;vv. 30, pt. 1.